000 00803nam a2200289Ia 4500
001 19318
003 IT-RoPAU
008 130308s9999 xx 000 0 und d
040 _aIT-RoPAU
040 _cIT-RoPAU
041 _aITALIANO
100 _aMartini Angelo
100 _gCodice Aut. SPICS: 4093
245 _aComunità parrocchiale e i mezzi di comunicazione sociale (La)
245 _bComunicazione Sociale Oggi (La)
250 _a1a ed.
260 _aROMA
260 _bEp/Centro Catechistico
260 _c1970 [1° Ed.:1970 - Ed.Ling.Originale:1970]
300 _a"6 p. (prefazione: no ; testo: 6 [pagine: 73-78])"
650 _aSAGGI PASTORALE COMUNICAZIONE SOCIALE
650 _eCodice materia Spics: 9311
942 _cBK
957 _71
999 _c64456
_d64456
999 _bSI
999 _g1